| 000 | 00495nam a2200169Ia 4500 | ||
|---|---|---|---|
| 005 | 20250508153513.0 | ||
| 008 | 008 250505s9999 xx 000 0 eng d | ||
| 037 | _aTextual | ||
| 040 |
_aFEDL _beng _cFEDL |
||
| 041 |
_aeng _2eng |
||
| 084 |
_a309.230 954, IND _qFEDL |
||
| 245 | 0 | _aSecond five year plan: Progress report 1959-60 | |
| 245 | 0 | _cIndia, Government.... Planning Commission | |
| 300 | _a196p | ||
| 942 |
_cTEXL _h309.230 954, IND |
||
| 999 |
_c1343339 _d1343339 |
||